000 01180cam a2200361 i 4500
001 17773670
003 PILC
005 20150303104310.0
008 130610s2014 moua b 001 0ceng
010 _a 2013023220
020 _a9780323091947 (pbk. : alk. paper)
020 _a9789814371728
035 _a(DNLM)101610038
040 _aDNLM/DLC
_cDLC
_erda
_dDLC
042 _apcc
050 0 0 _aRT 84.5
_b.N9 2014
060 1 0 _aWY 86
082 0 0 _a610.7301
245 0 0 _aNursing theorists and their work /
_c[edited by] Martha Raile Alligood, Professor Emeritus, College of Nursing, East Carolina University, Greenville, North Carolina.
250 _a8th ed.
260 _aSt. Louis, Missouri :
_bElsevier,
_cc2014.
300 _axvii, 746 pages :
_billustrations ;
_c24 cm
504 _aIncludes bibliographical references and index.
521 _aNursing
650 1 2 _aNursing Theory.
650 2 2 _aModels, Nursing.
650 2 2 _aNurses
_vBiography.
650 2 2 _aPhilosophy, Nursing.
700 1 _aAlligood, Martha Raile,
_eeditor of compilation.
906 _a7
_bcbc
_corignew
_d1
_eecip
_f20
_gy-gencatlg
942 _2lcc
_cBK
999 _c283693
_d283693